000 01017nam a2200253 i 4500
001 184724
003 ES-MaACL
005 20250819173745.0
008 151118s2014 sp aco |||| |bspa d
080 _a929 Á. Pérez Murillo, Beato
245 0 0 _aÁngel Pérez Murillo
_b: montanchego y mártir /
_cedición al cuidado de Luis Romero Sevilla, Hilario Jiménez Gómez.
260 _aMontánchez (Cáceres) :
_bParroquia de San Mateo apóstol,
_c[2014]
300 _a157 p. :
_bil., fot. ;
_c24 cm.
490 1 _aMonte Tances ;
_v1
600 1 7 _aPérez Murillo, Ángel,
_d1915-1936
_2
_9158178
700 1 _aRomero Sevilla, Luis.
_9158179
700 1 _aJiménez Gómez, Hilario,
_d1974-
_9158180
710 1 _aMontánchez.
_bAyuntamiento.
_9158181
830 0 _aMonte Tances ;
_v1
_9225121
852 _aES-MaACL
_jA-13627
_9 191735
_bR.150943
_cDEPO1
_dOlim: N-6627
_hDonación: José Lázaro
903 _9234219
_aLázaro García, José
_ednr
942 _2udc
_cMONOGRAFIA
999 _c184724
_d184724